000 nam a22 7a 4500
999 _c45925
_d45925
003 OSt
005 20190409122244.0
008 190409b xxu||||| |||| 00| 0 eng d
040 _cIIMT UNIVERSITY
100 _aMUTAGI RN
245 _aDIGITAL COMMUNICATION
260 _aNEW DELHI
_bOXFORD UNIVERSITY PRESS
_c2013
300 _a732
942 _2ddc
_c09
_e2ND ED 2013